Growing your money (Record no. 96966)

MARC details
000 -LEADER
fixed length control field 00637nam a2200241 i 4500
001 - CONTROL NUMBER
control field C2-0291920
003 - CONTROL NUMBER IDENTIFIER
control field PPAK
005 - DATE AND TIME OF LATEST TRANSACTION
control field 20180728024115.0
008 - FIXED-LENGTH DATA ELEMENTS--GENERAL INFORMATION
fixed length control field 081028s2008 my |||| ||||| | eng d
020 ## - INTERNATIONAL STANDARD BOOK NUMBER
International Standard Book Number 9789833364459
040 ## - CATALOGING SOURCE
Original cataloging agency PPAK
Language of cataloging eng
Transcribing agency PPAK
Description conventions rda
082 04 - DEWEY DECIMAL CLASSIFICATION NUMBER
Classification number 332.024
Edition number 23
090 00 - LOCALLY ASSIGNED LC-TYPE CALL NUMBER (OCLC); LOCAL CALL NUMBER (RLIN)
Classification number (OCLC) (R) ; Classification number, CALL (RLIN) (NR) 332.024
Feature heading AZI
Feature heading G
100 0# - MAIN ENTRY--PERSONAL NAME
Personal name Azizi Ali,
Relator term author
245 10 - TITLE STATEMENT
Title Growing your money
264 #1 - PRODUCTION, PUBLICATION, DISTRIBUTION, MANUFACTURE, AND COPYRIGHT NOTICE
Place of production, publication, distribution, manufacture Petaling Jaya, Selangor :
Name of producer, publisher, distributor, manufacturer True Wealth ,
Date of production, publication, distribution, manufacture, or copyright notice 2008
300 ## - PHYSICAL DESCRIPTION
Extent 37 pages ;
Dimensions 21 cm
336 ## - CONTENT TYPE
Source rdacontent
Content type term text
337 ## - MEDIA TYPE
Source rdamedia
Media type term unmediated
338 ## - CARRIER TYPE
Source rdacarrier
Carrier type term volume
650 10 - SUBJECT ADDED ENTRY--TOPICAL TERM
Topical term or geographic name entry element Finance, Personal.
942 ## - ADDED ENTRY ELEMENTS (KOHA)
-- dc
Koha item type Book
Holdings
Withdrawn Not for loan Current library Shelving location Date acquired Full call number Barcode Date last seen Koha item type
    Perpustakaan Alor Setar Pinjaman Dewasa 11/11/2008 332.024 AZI A01261299 09/05/2018 Book
    Perpustakaan Alor Setar Pinjaman Dewasa 11/11/2008 332.024 AZI A01261298 09/05/2018 Book
    Perpustakaan Baling Pinjaman Dewasa 11/11/2008 332.024 AZI A01261301 09/05/2018 Book
    Perpustakaan Kulim Pinjaman Dewasa 11/11/2008 332.024 AZI A01261300 09/05/2018 Book
    Perpustakaan Merbok Pinjaman Dewasa 11/11/2008 332.024 AZI A01261302 09/05/2018 Book